Fr. Conceicao Rodrigues College of Engineering

Process Control (Record no. 21866)

MARC details
000 -LEADER
fixed length control field 00305nam a2200145Ia 4500
082 ## - DEWEY DECIMAL CLASSIFICATION NUMBER
Classification number 660.2815/HAR
Item number HAR
100 ## - MAIN ENTRY--PERSONAL NAME
Personal name Harriott/ Peter
245 ## - TITLE STATEMENT
Title Process Control
260 ## - PUBLICATION, DISTRIBUTION, ETC.
Name of publisher, distributor, etc. Tata Mc Graw hill Ltd.
Date of publication, distribution, etc. 1964
366 ## - TRADE AVAILABILITY INFORMATION
Publishers's discount category 17.5
546 ## - LANGUAGE NOTE
Language note ENGLISH
654 ## - SUBJECT ADDED ENTRY--FACETED TOPICAL TERMS
Focus term process
942 ## - ADDED ENTRY ELEMENTS (KOHA)
Koha item type BOOK
Holdings
Withdrawn status Lost status Damaged status Not for loan Collection Home library Current library Date acquired Source of acquisition Cost, normal purchase price Inventory number Total Checkouts Full call number Barcode Date last seen Cost, replacement price Price effective from Koha item type
        CRC Fr. Agnel's C.Rodrigues College of Engineering Fr. Agnel's C.Rodrigues College of Engineering 17/03/2023 Educational books and periodicals 218.63 263 dt 05/05/2009   660.2815/HAR HAR 19505 17/03/2023 265.00   BOOK